|
|
|
|
| LEADER |
00000nab a2200000uu 4500 |
| 001 |
vtls010879563 |
| 003 |
SK-MaSNL |
| 005 |
20260305034834.0 |
| 008 |
230303|2013 xo |||||||||||||||||eng| |
| 015 |
|
|
|a SNBRB
|
| 035 |
|
|
|a (urnnbn)urn:nbn:sk:snk:ar-005w60
|
| 035 |
|
|
|a (uuid)ea5aaf09-fbe8-494b-adc3-3e8aa6532b82
|
| 035 |
|
|
|a urn:nbn:sk:snk-ab7nhs
|
| 040 |
|
|
|a SNKBUCL
|b slo
|c SNKBUCL
|e AACR2
|
| 041 |
0 |
|
|a eng
|
| 044 |
|
|
|a xo
|c SK
|
| 100 |
1 |
|
|a Karami, Bahador
|4 aut
|9 1277727
|
| 245 |
1 |
0 |
|a Alternative two-step route to khellactone analogues using silica tungstic acid and sodium hydrogen phosphate
|c Bahador Karami, Khalil Eskandari, Saeed Khodabakhshi
|
| 504 |
|
|
|a Bibliogr. odkazy
|
| 650 |
0 |
7 |
|a kyselina volfrámová
|2 SNK
|9 1616795
|
| 650 |
0 |
7 |
|a fosforečnan sodný
|2 SNK
|9 1616796
|
| 650 |
0 |
7 |
|a oxid kremičitý
|2 SNK
|9 29217
|
| 650 |
0 |
7 |
|a hydrogenfosforečnan sodný
|2 SNK
|9 1616797
|
| 650 |
0 |
7 |
|a syntéza
|2 SNK
|9 50205
|
| 700 |
1 |
|
|a Eskandari, Khalil
|4 aut
|9 1277728
|
| 700 |
1 |
|
|a Khodabakhshi, Saeed
|4 aut
|9 1299425
|
| 773 |
0 |
|
|t Chemical papers
|g Roč. 67, č. 11 (2013), s. [1474]-1478
|
| 958 |
|
|
|a NB
|
| 958 |
|
|
|a OND
|
| 958 |
|
|
|a EUIPO
|
| 958 |
|
|
|a article8
|
| 999 |
|
|
|c 3330949
|d 3332879
|